Online
Catalog

Goeiza / (Record no. 7954)

MARC details
000 -CABECERA
campo de control de longitud fija 00982nam a2200301 i 4500
001 - NÚMERO DE CONTROL
campo de control 000008179
003 - IDENTIFICADOR DEL NÚMERO DE CONTROL
campo de control DO-SdBNP
005 - FECHA Y HORA DE LA ÚLTIMA TRANSACCIÓN
campo de control 20250131081544.0
007 - CAMPO FIJO DE DESCRIPCIÓN FÍSICA--INFORMACIÓN GENERAL
campo de control de longitud fija ta
008 - DATOS DE LONGITUD FIJA--INFORMACIÓN GENERAL
campo de control de longitud fija 090915s1980 dr a 001 f spa d
040 ## - FUENTE DE LA CATALOGACIÓN
Centro catalogador/agencia de origen DO-SdBNP
Lengua de catalogación spa
Centro/agencia transcriptor BNPHU
Normas de descripción rda
082 #4 - NÚMERO DE LA CLASIFICACIÓN DECIMAL DEWEY
Número de clasificación RD863.44
Número de documento/Ítem M827g
Número de edición 22
100 1# - ENTRADA PRINCIPAL--NOMBRE DE PERSONA
Nombre de persona Mora Serrano, Manuel,
Fechas asociadas al nombre 1933-
9 (RLIN) 5162
Término indicativo de función/relación autor
Código de función/relación aut.
245 10 - MENCIÓN DE TÍTULO
Título Goeiza /
Mención de responsabilidad, etc. Manuel Mora Serrano; Edición de Fredy Gatón Arce
264 #1 - PRODUCCIÓN, PUBLICACIÓN, DISTRIBUCIÓN, FABRICACIÓN Y COPYRIGHT
Producción, publicación, distribución, fabricación y copyright Santo Domingo :
Nombre del de productor, editor, distribuidor, fabricante Editora Taller,
Fecha de producción, publicación, distribución, fabricación o copyright 1980.
300 ## - DESCRIPCIÓN FÍSICA
Extensión 284 páginas
Otras características físicas ilustraciones
Dimensiones 23 cm.
336 ## - TIPO DE CONTENIDO
Término de tipo de contenido texto
Código de tipo de contenido txt
Fuente rdacontent
337 ## - TIPO DE MEDIO
Nombre/término del tipo de medio sin mediación
Código del tipo de medio n
Fuente rdamedia
338 ## - TIPO DE SOPORTE
Nombre/término del tipo de soporte volumen
Código del tipo de soporte nc
Fuente rdacarrier
490 1# - MENCIÓN DE SERIE
Mención de serie Literatura ;
Designación de volumen o secuencia 2
500 ## - NOTA GENERAL
Nota general Incluye datos biográficos del autor en la solapa.
586 ## - NOTA DE PREMIOS
Nota de premios Premio Siboney 1979.
650 #0 - PUNTO DE ACCESO ADICIONAL DE MATERIA--TÉRMINO DE MATERIA
Término de materia o nombre geográfico como elemento de entrada Novela dominicana
9 (RLIN) 223
650 #0 - PUNTO DE ACCESO ADICIONAL DE MATERIA--TÉRMINO DE MATERIA
Término de materia o nombre geográfico como elemento de entrada Literatura dominicana.
9 (RLIN) 67
700 1# - PUNTO DE ACCESO ADICIONAL--NOMBRE DE PERSONA
Nombre de persona Gatón Arce, Freddy,
Fechas asociadas al nombre 1920-1994
Término indicativo de función/relación edición
Código de función/relación ed.
9 (RLIN) 7946
910 ## - DATOS DE OPCIÓN DEL USUARIO (OCLC)
Datos de opción del usuario YLockward
942 ## - ELEMENTOS DE PUNTO DE ACCESO ADICIONAL (KOHA)
Fuente del sistema de clasificación o colocación Dewey Decimal Classification
Tipo de ítem Koha Libro
Holdings
Estado de retiro Estado de pérdida Fuente del sistema de clasificación o colocación Restricciones de uso No para préstamo Código de colección Localización permanente Ubicación/localización actual Ubicación en estantería Fecha de adquisición Fuente de adquisición Número de inventario Total de préstamos Signatura topográfica completa Código de barras Fecha visto por última vez Número de copia Precio válido a partir de Tipo de ítem Koha Nota pública
    Dewey Decimal Classification Préstamo en sala   Dominicana de Servicio Biblioteca Nacional Pedro Henríquez Ureña Biblioteca Nacional Pedro Henríquez Ureña En catalogación 25.04.2008 Donado por Aida Cartagena Portalatín LF1   BNPHU DS RD863.44 M827g 8179-30 25.06.2020 e. 3 25.06.2020 Libro Perteneció a la biblioteca personal de Aída cartagena Portalatín.
    Dewey Decimal Classification Excluido de préstamo   Patrimonio Dominicano Biblioteca Nacional Pedro Henríquez Ureña Biblioteca Nacional Pedro Henríquez Ureña En catalogación 15.09.2009   LF1   BNPHU PD RD863.44 M827g 8179-10 25.06.2020   25.06.2020 Libro Dedicado por el autor a la Biblioteca Nacional
    Dewey Decimal Classification Excluido de préstamo   Patrimonio Dominicano Biblioteca Nacional Pedro Henríquez Ureña Biblioteca Nacional Pedro Henríquez Ureña En catalogación 25.04.2008 Donado por Aida Cartagena Portalatín LF1   BNPHU PD RD863.44 M827g 8179-20 25.06.2020 e. 2 25.06.2020 Libro Perteneció a la biblioteca personal de Aída cartagena Portalatín./ Autografiado por el autor para Aída
    Dewey Decimal Classification Préstamo en sala   Dominicana de Servicio Biblioteca Nacional Pedro Henríquez Ureña Biblioteca Nacional Pedro Henríquez Ureña En catalogación 31.01.2025 Donación LF1   BNPHU DS RD863.44 M827g 2025-0651 31.01.2025 e. 4 25.06.2020 Libro Perteneció a la biblioteca personal de Germán Emilio Ornes.
    Dewey Decimal Classification Préstamo en sala   Dominicana de Servicio Biblioteca Nacional Pedro Henríquez Ureña Biblioteca Nacional Pedro Henríquez Ureña En catalogación 01.12.2023 Donado por la Presidencia de la República Dominicana 2023 LF1   BNPHU DS RD863.44 M827g 2025-0652 31.01.2025 e. 5 25.06.2020 Libro Perteneció a la biblioteca personal de René Rodríguez Soriano

Powered by Koha